000 00837nam a2200217 i 4500
001 180095
003 ES-MaACL
005 20230906221008.0
008 120417s1944 sp |||| | spa d
080 _a811.134.2'282(460.12 Cabranes)
100 1 _aCanellada, María Josefa.
_934479
245 1 3 _aEl bable de Cabranes /
_cpor María Josefa Canellada.
260 _aMadrid :
_bConsejo Superior de Investigaciones Científicas, Patronato "Menéndez Pelayo", Instituto "Antonio de Nebrija",
_c1944.
300 _a376 p., [7] h. pleg. ;
_c25 cm.
490 1 _aAnejos de la "Revista filología española" ;
_v31
650 _aDialecto bable.
_9160240
710 2 _aInstituto Antonio de Nebrija.
_94795
830 1 _aAnejos de la "Revista filología española" ;
_v31
_9224594
852 4 _aES-MaACL
_jE-15378
999 _c180095
_d180095